000 00222nam a2200121Ia 4500
100 _a#N/A
650 _aComputers
942 _cBK
654 _aFEDORA 10
245 _aLINUX FOR YOU
260 _b#N/A
546 _aENGLISH
999 _c32045
_d32045